[Event "Gora Sw Anny op-A 7th"]
[Site "Gora Sw Anny"]
[Date "2014.02.24"]
[Round "4"]
[White "Piotrowski, Przemyslaw"]
[Black "Khamidov, Komil"]
[Result "1-0"]
[WhiteElo "2062"]
[BlackElo "2165"]
[PlyCount "77"]
[EventDate "2014.02.22"]
[EventType "swiss"]
[EventRounds "10"]
[EventCountry "POL"]
[SourceTitle "CBM 159 Extra"]
[Source "ChessBase"]
[SourceDate "2014.04.24"]
[SourceVersion "1"]
[SourceVersionDate "2014.04.24"]
[SourceQuality "1"]

1. Nf3 Nc6 2. c4 e5 3. Nc3 Nf6 4. d3 g6 5. Nd5 h6 6. g3 Bg7 7. Bg2 d6 8. 0-0 Be6 9. e4 Qd7 10. Re1 Ne7 11. d4 Nh7 12. dxe5 dxe5 13. b3 c6 14. Nxe7 Qxe7 15. Bb2 Rd8 16. Qc2 f6 17. c5 0-0 18. h4 Rd7 19. Rad1 Rfd8 20. Ba3 b5 21. Rd6 Rc8 22. Red1 a5 23. Rxd7 Bxd7 24. Qd2 Bg4 25. Qxa5 f5 26. Re1 f4 27. Qc3 Nf8 28. Bb2 Nd7 29. b4 Qe6 30. gxf4 Bxf3 31. Bxf3 Rf8 32. f5 gxf5 33. Bg2 f4 34. Rd1 Rf7 35. Rd6 Qg4 36. Qh3 Qe2 37. Rxd7 Qxb2 38. Qe6 Qc1+ 39. Bf1 1-0

[Event "Gora Sw Anny op-A 7th"]
[Site "Gora Sw Anny"]
[Date "2014.02.22"]
[Round "2"]
[White "Dmochowska, Agnieszka"]
[Black "Khamidov, Komil"]
[Result "1-0"]
[WhiteElo "1841"]
[BlackElo "2165"]
[PlyCount "39"]
[EventDate "2014.02.22"]
[EventType "swiss"]
[EventRounds "10"]
[EventCountry "POL"]
[SourceTitle "CBM 159 Extra"]
[Source "ChessBase"]
[SourceDate "2014.04.24"]
[SourceVersion "1"]
[SourceVersionDate "2014.04.24"]
[SourceQuality "1"]

1. d4 d6 2. e4 Nf6 3. Nc3 c6 4. f4 Qa5 5. Bd3 Bg4 6. Nf3 e5 7. Be3 Qb4 8. dxe5 dxe5 9. a3 Bxf3 10. gxf3 Qa5 11. fxe5 Qxe5 12. f4 Qe6 13. h3 Nbd7 14. Qf3 Bc5 15. 0-0-0 0-0-0 16. Rhe1 Rhe8 17. e5 Nd5 18. Bxc5 Nxc3 19. Bd6 Nxd1 20. Qxc6+ 1-0

[Event "Marianske Lazne op 13th"]
[Site "Marianske Lazne"]
[Date "2014.01.25"]
[Round "9"]
[White "Khamidov, Komil"]
[Black "Stradej, Vlastimil"]
[Result "1-0"]
[WhiteElo "2108"]
[BlackElo "2022"]
[PlyCount "87"]
[EventDate "2014.01.18"]
[EventType "swiss"]
[EventRounds "9"]
[EventCountry "CZE"]
[SourceTitle "CBM 158 Extra"]
[Source "ChessBase"]
[SourceDate "2014.02.28"]
[SourceVersion "1"]
[SourceVersionDate "2014.02.28"]
[SourceQuality "1"]

1. e4 c5 2. Nf3 a6 3. Nc3 d6 4. d4 cxd4 5. Nxd4 e5 6. Nb3 Nf6 7. f3 Be7 8. Be3 Be6 9. Qd2 b5 10. g4 Nbd7 11. g5 b4 12. Ne2 Nh5 13. f4 Nxf4 14. Nxf4 exf4 15. Bxf4 Ne5 16. Nd4 Qb6 17. Be2 0-0 18. Nf5 Bxf5 19. exf5 Rfd8 20. h4 Qc6 21. 0-0-0 Rac8 22. Rdf1 a5 23. f6 Bf8 24. b3 a4 25. Be3 axb3 26. axb3 Rd7 27. Bd4 Rdc7 28. Bd1 Qb5 29. Kb1 Rc3 30. Rf4 Qa5 31. Bxc3 bxc3 32. Qc1 d5 33. Ra4 Qb6 34. Ka2 Nd7 35. fxg7 Bxg7 36. Bg4 Qc6 37. Bxd7 Qxd7 38. Qf4 d4 39. Rd1 Qb7 40. Qf5 Ra8 41. Ra5 Rxa5+ 42. Qxa5 Qg2 43. Qd8+ Bf8 44. Kb1 1-0

[Event "Marianske Lazne op 13th"]
[Site "Marianske Lazne"]
[Date "2014.01.23"]
[Round "7"]
[White "Khamidov, Komil"]
[Black "Guempel, Viktor"]
[Result "0-1"]
[WhiteElo "2108"]
[BlackElo "2182"]
[PlyCount "120"]
[EventDate "2014.01.18"]
[EventType "swiss"]
[EventRounds "9"]
[EventCountry "CZE"]
[SourceTitle "CBM 158 Extra"]
[Source "ChessBase"]
[SourceDate "2014.02.28"]
[SourceVersion "1"]
[SourceVersionDate "2014.02.28"]
[SourceQuality "1"]

1. e4 e5 2. Nf3 Nc6 3. Bc4 Nf6 4. Ng5 d5 5. exd5 Na5 6. Bb5+ Bd7 7. Qe2 Be7 8. Nc3 0-0 9. 0-0 c6 10. dxc6 Nxc6 11. Bxc6 Bxc6 12. d3 Nd7 13. Nf3 f6 14. d4 Nb6 15. dxe5 Bb4 16. e6 Re8 17. Nb5 Qc8 18. c3 Rxe6 19. Qd3 Be4 20. Qd1 Bc5 21. Nfd4 Re7 22. Nb3 Bxg2 23. Kxg2 Qc6+ 24. Qf3 Qxb5 25. Bf4 Rc8 26. Rad1 Qc6 27. Qxc6 Rxc6 28. Rd8+ Kf7 29. Rfd1 Na4 30. Nxc5 Nxc5 31. Bd6 Re2 32. Bxc5 Rxc5 33. R1d7+ Re7 34. Kf1 Rc7 35. Rxc7 Rxc7 36. Ke2 g5 37. Kf3 Kg6 38. Rg8+ Kf5 39. Rf8 Rd7 40. Re8 h5 41. Re2 g4+ 42. Kg2 Kf4 43. c4 f5 44. b4 h4 45. h3 Rd4 46. hxg4 fxg4 47. Re7 h3+ 48. Kh2 Kf3 49. Rxb7 Kxf2 50. Rf7+ Ke3 51. Kg3 Rxc4 52. Rxa7 Rc1 53. b5 Rg1+ 54. Kh2 Rg2+ 55. Kh1 Rb2 56. Ra3+ Kf4 57. Ra4+ Kg5 58. Ra8 Kh4 59. Rc8 Rb1+ 60. Kh2 g3# 0-1

[Event "Krakow op-A 24th"]
[Site "Krakow"]
[Date "2014.01.04"]
[Round "9"]
[White "Gbyl, Andrzej"]
[Black "Khamidov, Komil"]
[Result "1/2-1/2"]
[WhiteElo "2214"]
[BlackElo "2109"]
[PlyCount "69"]
[EventDate "2013.12.27"]
[EventType "swiss"]
[EventRounds "9"]
[EventCountry "POL"]
[SourceTitle "CBM 158 Extra"]
[Source "ChessBase"]
[SourceDate "2014.02.28"]
[SourceVersion "1"]
[SourceVersionDate "2014.02.28"]
[SourceQuality "1"]

1. d4 d5 2. c4 c6 3. Nf3 Nf6 4. Nc3 dxc4 5. a4 Bg4 6. Ne5 Bh5 7. f3 e6 8. Nxc4 a5 9. e4 Bb4 10. Be2 c5 11. Be3 cxd4 12. Bxd4 Nc6 13. Be3 Qe7 14. Qb3 Nd7 15. Nb6 Nxb6 16. Bxb6 f6 17. Bc4 Bf7 18. 0-0 Bc5+ 19. Bxc5 Qxc5+ 20. Kh1 Nd4 21. Bb5+ Ke7 22. Qa3 Rac8 23. e5 Qxa3 24. Rxa3 fxe5 25. Raa1 Bg6 26. Rad1 Rhd8 27. Bd3 Bxd3 28. Rxd3 Nc6 29. Re3 Rd2 30. Rb1 Rcd8 31. h3 R8d3 32. Rxd3 Rxd3 33. Kg1 Nb4 34. Re1 Nc6 35. Re2 1/2-1/2

[Event "Krakow op-A 24th"]
[Site "Krakow"]
[Date "2014.01.03"]
[Round "8"]
[White "Khamidov, Komil"]
[Black "Nasuta, Grzegorz"]
[Result "0-1"]
[WhiteElo "2109"]
[BlackElo "2331"]
[PlyCount "90"]
[EventDate "2013.12.27"]
[EventType "swiss"]
[EventRounds "9"]
[EventCountry "POL"]
[SourceTitle "CBM 158 Extra"]
[Source "ChessBase"]
[SourceDate "2014.02.28"]
[SourceVersion "1"]
[SourceVersionDate "2014.02.28"]
[SourceQuality "1"]

1. e4 c5 2. Nc3 d6 3. Nge2 Nf6 4. d4 cxd4 5. Nxd4 a6 6. g3 e5 7. Nb3 b5 8. Bg2 Bb7 9. a3 Nbd7 10. Bg5 Be7 11. 0-0 Rc8 12. Re1 0-0 13. Nd2 Nb6 14. Bxf6 Bxf6 15. Nd5 Nxd5 16. exd5 Bg5 17. c3 f5 18. Nf1 g6 19. Qb3 Rc5 20. Rad1 Qb6 21. Kh1 Kg7 22. Ne3 h5 23. Rf1 h4 24. f4 Bf6 25. g4 exf4 26. Rxf4 Rcc8 27. Nc2 Be5 28. Nd4 Bxf4 29. Ne6+ Kh7 30. Nxf4 fxg4 31. Ne6 h3 32. Bxh3 gxh3 33. c4 Rf6 34. Qxh3+ Kg8 35. Ng5 Qc7 36. Ne4 Rf5 37. Rg1 Qg7 38. Nxd6 Rxc4 39. Nxb7 Rc2 40. Nd6 Rh5 41. Qe6+ Kh7 42. h3 Re5 43. Qg4 Ree2 44. Rf1 Rh2+ 45. Kg1 Qa7+ 0-1